000
00333nam a22001457a 4500
008
230208b ||||| |||| 00| 0 eng d
020
_a
9780321977533
041
_a
eng
080
_2
FIFTH EDITION
_a
51
082
_a
51GAY
100
_a
20
101
_a
MATEM
245
_a
ALGEBRA A COMBINED APPROACH
_c
GAY M.E
942
_2
udc
_c
BK
999
_c
59339
_d
59339